00397 a2200145 4500020001800000040001300018082001200031082001200043100002200055245003800077260003500115300001900150500004800169650003400217 a0-00-616533-8 aDLCbDLC a823.912 a823.9121 aChristie, Agatha,00aSleeping murdercChristie, Agatha aLondon :bHarperCollins,c1996 a224p. ;c18 cm aOriginally published: London: Collins, 1976 7aEnglish fictiony20th century